[Event "Bartlesville P 66"]
[Site "Bartlesville"]
[Date "2004.03.28"]
[Round "4"]
[White "Abbott, Russell"]
[Black "Kalivas, Jason"]
[Result "1/2-1/2"]
[WhiteElo "1511"]
[BlackElo "1775"]
[PlyCount "63"]
[EventDate "2004.03.27"]
[EventType "swiss (rapid)"]
[EventRounds "5"]
[EventCountry "USA"]
[EventCategory "1"]
[SourceTitle "EXT 2006"]
[Source "ChessBase"]
[SourceDate "2005.11.24"]
[SourceVersion "1"]
[SourceVersionDate "2005.11.24"]
[SourceQuality "1"]

1. e4 c5 2. Nf3 Nc6 3. d4 cxd4 4. Nxd4 g6 5. Be3 Nf6 6. Nc3 Bg7 7. f3 0-0 8. Qd2 d5 9. Nxc6 bxc6 10. e5 Ne8 11. f4 Nc7 12. Be2 Ba6 13. Bf3 Ne6 14. Ne2 Qd7 15. 0-0 Rab8 16. b3 f6 17. Bg4 Bxe2 18. Qxe2 f5 19. Bf3 Bh6 20. g3 Qc7 21. Qf2 a5 22. Be2 c5 23. Bf3 d4 24. Bd2 Rfd8 25. Rfd1 d3 26. cxd3 Rxd3 27. Be2 Rd4 28. Be3 Kh8 29. Bxd4 Nxd4 30. Rac1 Qb6 31. Bc4 g5 32. Rc3 1/2-1/2

[Event "Tulsa op"]
[Site "Tulsa"]
[Date "2004.01.17"]
[Round "1"]
[White "Wharry, Stephen M"]
[Black "Abbott, Russell"]
[Result "1-0"]
[WhiteElo "1900"]
[BlackElo "1511"]
[PlyCount "43"]
[EventDate "2004.01.17"]
[EventType "swiss"]
[EventRounds "5"]
[EventCountry "USA"]
[SourceTitle "EXT 2006"]
[Source "ChessBase"]
[SourceDate "2005.11.24"]
[SourceVersion "1"]
[SourceVersionDate "2005.11.24"]
[SourceQuality "1"]

1. e4 e5 2. Nf3 Nf6 3. Nxe5 d6 4. Nf3 Nxe4 5. d4 d5 6. Bd3 Bd6 7. 0-0 0-0 8. c4 c6 9. Nc3 Nxc3 10. bxc3 Bg4 11. c5 Bc7 12. Re1 Nd7 13. a4 Qf6 14. Be2 Qg6 15. Nh4 Bxe2 16. Qxe2 Qf6 17. Nf3 Qd8 18. Bg5 Qc8 19. Be7 Re8 20. Ng5 h6 21. Nxf7 Kxf7 22. Qe6# 1-0